[Event "Reykjavik Taflfelag op"]
[Site "Reykjavik"]
[Date "2019.11.20"]
[Round "6"]
[White "Heidarsson, Mikael Bjarki"]
[Black "Berndsen, Soffia Arndis"]
[Result "1-0"]
[WhiteElo "1017"]
[BlackElo "1042"]
[PlyCount "99"]
[EventDate "2019.10.16"]
[EventType "swiss"]
[EventRounds "7"]
[EventCountry "ISL"]
[SourceTitle "CBM 193 Extra"]
[Source "ChessBase"]
[SourceDate "2020.01.31"]
[SourceVersion "1"]
[SourceVersionDate "2020.01.31"]
[SourceQuality "1"]

1. e4 e5 2. Nf3 Nc6 3. Bb5 d6 4. Bxc6+ bxc6 5. Nc3 Nf6 6. d3 Be7 7. Bg5 0-0 8. 0-0 Bg4 9. h3 Be6 10. Qd2 Qd7 11. Ne2 Rfe8 12. Ng3 Rad8 13. c3 Kh8 14. d4 exd4 15. cxd4 Kg8 16. e5 dxe5 17. Nxe5 Qd6 18. a3 c5 19. Bxf6 Bxf6 20. Ne4 Qxd4 21. Qxd4 Rxd4 22. Nxf6+ gxf6 23. Nc6 Ra4 24. Rfd1 Ra6 25. Nd8 Bf5 26. Rd5 Bc8 27. Rc1 Rb6 28. Rcxc5 Rxb2 29. Rxc7 Rb1+ 30. Kh2 Ba6 31. Rxa7 Bc4 32. Rd4 Ba2 33. Nc6 Rb6 34. Rd8 Kf8 35. Rxe8+ Kxe8 36. Nb4 Rd6 37. Nxa2 Rd2 38. Nb4 Rxf2 39. a4 f5 40. a5 f4 41. Nd3 Rf1 42. a6 h5 43. Ra8+ Ke7 44. a7 f3 45. Re8+ Kxe8 46. a8Q+ Ke7 47. gxf3 Rd1 48. Qe4+ Kf8 49. Ne5 Rd2+ 50. Kg3 1-0

[Event "Reykjavik Taflfelag op"]
[Site "Reykjavik"]
[Date "2019.10.30"]
[Round "3"]
[White "Berndsen, Soffia Arndis"]
[Black "Stefansson, Benedikt"]
[Result "0-1"]
[WhiteElo "1042"]
[BlackElo "1453"]
[PlyCount "126"]
[EventDate "2019.10.16"]
[EventType "swiss"]
[EventRounds "7"]
[EventCountry "ISL"]
[SourceTitle "CBM 193 Extra"]
[Source "ChessBase"]
[SourceDate "2020.01.31"]
[SourceVersion "1"]
[SourceVersionDate "2020.01.31"]
[SourceQuality "1"]

1. d4 Nf6 2. c4 g6 3. Nc3 d5 4. cxd5 Nxd5 5. e4 Nxc3 6. bxc3 Bg7 7. Be3 c5 8. Qd2 cxd4 9. cxd4 0-0 10. Nf3 Nc6 11. Bc4 Bg4 12. Be2 Bxf3 13. Bxf3 Nxd4 14. Bxd4 Qxd4 15. Qxd4 Bxd4 16. Rd1 e5 17. 0-0 Rac8 18. Rb1 b6 19. h3 Rc2 20. a3 Rfc8 21. Kh2 Rxf2 22. Rxf2 Bxf2 23. Bg4 Rc4 24. Rf1 Bc5 25. Rd1 Rd4 26. Re1 Bxa3 27. Ra1 Rd3 28. Be2 Re3 29. Bg4 a5 30. Rd1 Rxe4 31. Rd8+ Kg7 32. Rd7 Rd4 33. Rb7 Rd6 34. Rc7 h5 35. Be2 e4 36. Bc4 Re6 37. Bxe6 Bd6+ 38. Kg1 Bxc7 39. Bc4 f5 40. Kf2 f4 41. Ke2 g5 42. Bb5 Kf6 43. Kf2 g4 44. Bc6 e3+ 45. Ke2 Kg5 46. Be4 b5 47. Bd5 b4 48. Bb3 Bb6 49. Ba4 Kh4 50. Bb3 Kg3 51. Kf1 f3 52. Bc4 fxg2+ 53. Ke2 g1Q 54. hxg4 Qf2+ 55. Kd3 Qf1+ 56. Ke4 Qxc4+ 57. Ke5 hxg4 58. Kf6 e2 59. Kg6 e1R 60. Kh6 Re6+ 61. Kg7 Qc7+ 62. Kf8 Bc5+ 63. Kg8 Re8# 0-1

[Event "Reykjavik Taflfelag op"]
[Site "Reykjavik"]
[Date "2019.10.23"]
[Round "2"]
[White "Gunnlaugsson, Arnor"]
[Black "Berndsen, Soffia Arndis"]
[Result "0-1"]
[WhiteElo "1156"]
[BlackElo "1042"]
[PlyCount "66"]
[EventDate "2019.10.16"]
[EventType "swiss"]
[EventRounds "7"]
[EventCountry "ISL"]
[SourceTitle "CBM 193 Extra"]
[Source "ChessBase"]
[SourceDate "2020.01.31"]
[SourceVersion "1"]
[SourceVersionDate "2020.01.31"]
[SourceQuality "1"]

1. e4 e5 2. Nf3 Nc6 3. d4 exd4 4. Nxd4 Nxd4 5. Qxd4 d6 6. Bc4 c5 7. Qd3 Be7 8. Qf3 Nf6 9. Bg5 0-0 10. Nc3 Bg4 11. Qg3 Bh5 12. h4 a6 13. Bh6 g6 14. Bxf8 Bxf8 15. Nd5 Nxe4 16. Qf3 Bxf3 17. gxf3 Nf6 18. Nf4 Qd7 19. 0-0-0 Bh6 20. Rdg1 Bxf4+ 21. Kb1 h5 22. Rxg6+ Kh8 23. Rxf6 Be5 24. Rh6+ Kg7 25. Rxh5 Rh8 26. Rg5+ Kf8 27. Rd1 Rxh4 28. b3 b5 29. Bd3 c4 30. bxc4 bxc4 31. Be4 Qb5+ 32. Kc1 Bf4+ 33. Rd2 Bxg5 0-1

[Event "Reykjavik Taflfelag op"]
[Site "Reykjavik"]
[Date "2019.10.16"]
[Round "1"]
[White "Berndsen, Soffia Arndis"]
[Black "Bjarnason, Larus H"]
[Result "0-1"]
[WhiteElo "1042"]
[BlackElo "1519"]
[PlyCount "72"]
[EventDate "2019.10.16"]
[EventType "swiss"]
[EventRounds "7"]
[EventCountry "ISL"]
[SourceTitle "CBM 193 Extra"]
[Source "ChessBase"]
[SourceDate "2020.01.31"]
[SourceVersion "1"]
[SourceVersionDate "2020.01.31"]
[SourceQuality "1"]

1. Nf3 d5 2. g3 Bf5 3. Bg2 c6 4. 0-0 Nd7 5. b3 e5 6. d3 Ngf6 7. Bb2 Qc7 8. e3 Bd6 9. c4 dxc4 10. bxc4 0-0 11. Nc3 Rad8 12. Qd2 Bb4 13. Rac1 Nc5 14. d4 Nd3 15. Rcd1 Nxb2 16. Qxb2 Qa5 17. Rc1 exd4 18. Nxd4 Bd3 19. Rfd1 Bxc4 20. Ne4 Nxe4 21. Rxc4 Bc3 22. Qb3 Bxd4 23. Bxe4 Bb6 24. Qc2 g6 25. Bd3 Qh5 26. Rh4 Qe5 27. Bc4 Rxd1+ 28. Qxd1 Kg7 29. Qf3 f5 30. Qd1 Rd8 31. Qc2 Bxe3 32. fxe3 Qxe3+ 33. Kh1 Qf3+ 34. Kg1 Rd1+ 35. Qxd1 Qxd1+ 36. Kf2 g5 0-1

[Event "Nordic Chess-ch U13"]
[Site "Koge"]
[Date "2019.04.27"]
[Round "3"]
[White "Nordquelle, Amelia"]
[Black "Berndsen, Soffia Arndis"]
[Result "1-0"]
[WhiteElo "1568"]
[BlackElo "1031"]
[PlyCount "67"]
[EventDate "2019.04.26"]
[EventType "swiss"]
[EventRounds "5"]
[EventCountry "DEN"]
[SourceTitle "EXT 2021"]
[Source "ChessBase"]
[SourceDate "2020.10.23"]
[SourceVersion "1"]
[SourceVersionDate "2020.10.23"]
[SourceQuality "1"]

1. d4 d5 2. c4 c6 3. Bf4 g6 4. e3 Bg7 5. Nc3 Nf6 6. Nf3 Bg4 7. h3 Be6 8. Ng5 Qd7 9. Na4 b6 10. Nxe6 Qxe6 11. c5 bxc5 12. Nxc5 Qc8 13. Bd3 0-0 14. 0-0 Nbd7 15. Ba6 Qd8 16. Bb7 Nxc5 17. dxc5 Qd7 18. Bxa8 Rxa8 19. Be5 Qe6 20. Bd4 Ne4 21. Qd3 Nf6 22. b4 Rb8 23. Rab1 Qd7 24. Qa6 Ne4 25. Bxg7 Nd2 26. Bc3 Nxb1 27. Rxb1 Qf5 28. Rc1 Rd8 29. Qxc6 Qg5 30. Qc7 e6 31. f4 Qh4 32. Kh2 Rf8 33. Qe5 Qh6 34. Qh8# 1-0

[Event "Reykjavik op"]
[Site "Reykjavik"]
[Date "2019.04.13"]
[Round "6"]
[White "Huber Delle, Guenther"]
[Black "Berndsen, Soffia Arndis"]
[Result "1-0"]
[WhiteElo "1732"]
[BlackElo "1031"]
[PlyCount "65"]
[EventDate "2019.04.08"]
[EventType "swiss"]
[EventRounds "9"]
[EventCountry "ISL"]
[SourceTitle "CBM 189 Extra"]
[Source "ChessBase"]
[SourceDate "2019.06.03"]
[SourceVersion "1"]
[SourceVersionDate "2019.06.03"]
[SourceQuality "1"]

1. d4 d5 2. e4 g6 3. e5 e6 4. f4 b6 5. Nf3 c5 6. c3 Nc6 7. Be3 Bg7 8. dxc5 bxc5 9. Bxc5 Nge7 10. Nbd2 0-0 11. Be2 Bb7 12. 0-0 Qd7 13. Nb3 Rac8 14. Bf2 Rfd8 15. Nc5 Qc7 16. g4 f5 17. Nxe6 Qd7 18. Nxd8 Rxd8 19. g5 h6 20. h4 hxg5 21. hxg5 Kf7 22. Bd4 Rh8 23. Kg2 Rh5 24. Qa4 Qe8 25. Rh1 Rxh1 26. Rxh1 a6 27. Qb3 Qd7 28. Rh7 Kf8 29. Qb6 a5 30. Rxg7 Ke8 31. Bc5 Kf8 32. Rxg6 Kf7 33. e6+ 1-0

[Event "Reykjavik TR CC Opinn"]
[Site "Reykjavik"]
[Date "2018.09.26"]
[Round "7.6"]
[White "Gunnlaugsson, Arnor"]
[Black "Berndsen, Soffia Arndis"]
[Result "1-0"]
[WhiteElo "1172"]
[BlackElo "1003"]
[PlyCount "77"]
[EventDate "2018.09.09"]
[EventType "swiss"]
[EventRounds "7"]
[EventCountry "ISL"]
[SourceTitle "EXT 2024"]
[Source "ChessBase"]
[SourceDate "2023.10.10"]
[SourceVersion "1"]
[SourceVersionDate "2023.10.10"]
[SourceQuality "1"]

1. e4 e5 2. Nf3 Nc6 3. d4 Nxd4 4. Nxd4 exd4 5. Qxd4 d6 6. Nc3 Nf6 7. Bg5 Be7 8. Bc4 0-0 9. 0-0-0 c5 10. Qe3 Ng4 11. Bxe7 Qxe7 12. Qg3 h6 13. f3 Ne3 14. Nd5 Nxd5 15. Rxd5 Be6 16. Rxd6 Rfd8 17. Rxd8+ Rxd8 18. Bxe6 Qxe6 19. Qc7 Rd7 20. Qc8+ Kh7 21. Qxc5 Qxa2 22. Qf5+ Kh8 23. Qxd7 Qa1+ 24. Kd2 Qxh1 25. Qxb7 Qxg2+ 26. Ke3 Qxc2 27. Qxa7 Qxb2 28. Qxf7 Qxh2 29. Qf8+ Kh7 30. Qf5+ Kh8 31. e5 Qg1+ 32. Ke4 Qe1+ 33. Kf4 Qd2+ 34. Kg4 Qg2+ 35. Kh5 Qh2+ 36. Kg6 Qg3+ 37. Kf7 Qf2 38. Qc8+ Kh7 39. Qg8# 1-0

[Event "Reykjavik TR CC Opinn"]
[Site "Reykjavik"]
[Date "2018.09.21"]
[Round "5.7"]
[White "Skarphedinsson, Ingvar Wu"]
[Black "Berndsen, Soffia Arndis"]
[Result "1-0"]
[WhiteElo "1080"]
[BlackElo "1003"]
[PlyCount "61"]
[EventDate "2018.09.09"]
[EventType "swiss"]
[EventRounds "7"]
[EventCountry "ISL"]
[SourceTitle "EXT 2024"]
[Source "ChessBase"]
[SourceDate "2023.10.10"]
[SourceVersion "1"]
[SourceVersionDate "2023.10.10"]
[SourceQuality "1"]

1. e4 e5 2. Nf3 Nc6 3. Bc4 Nf6 4. 0-0 Bc5 5. d3 h6 6. c3 0-0 7. b4 Bb6 8. Ba3 d6 9. Qb3 Bg4 10. Nbd2 a6 11. h3 Bd7 12. Bb2 a5 13. a3 axb4 14. cxb4 Nd4 15. Nxd4 exd4 16. Nf3 c5 17. bxc5 dxc5 18. e5 Ba4 19. Qa2 Nd7 20. Rfe1 Ba5 21. Re2 b5 22. Bd5 Ra7 23. e6 Qe7 24. exf7+ Qxf7 25. Bxf7+ Rxf7 26. Re7 c4 27. Rxf7 Kxf7 28. Nxd4 Bb3 29. Nxb3 cxb3 30. Qxb3+ Kf8 31. Qd5 1-0

[Event "Reykjavik TR CC Opinn"]
[Site "Reykjavik"]
[Date "2018.09.09"]
[Round "1.10"]
[White "Ragnarsson, Rikhard Skorri"]
[Black "Berndsen, Soffia Arndis"]
[Result "0-1"]
[WhiteElo "1014"]
[BlackElo "1003"]
[PlyCount "28"]
[EventDate "2018.09.09"]
[EventType "swiss"]
[EventRounds "7"]
[EventCountry "ISL"]
[SourceTitle "EXT 2024"]
[Source "ChessBase"]
[SourceDate "2023.10.10"]
[SourceVersion "1"]
[SourceVersionDate "2023.10.10"]
[SourceQuality "1"]

1. e4 e5 2. Nf3 Nc6 3. Nc3 Nf6 4. Bc4 Nxe4 5. Nxe4 d5 6. Bxd5 Qxd5 7. Nc3 Qd8 8. Qe2 Bd6 9. Qe3 0-0 10. d4 exd4 11. Nxd4 Re8 12. Ne4 Nxd4 13. Qxd4 Qh4 14. 0-0 Qxh2# 0-1